000 00516nam a2200181Ia 4500
003 OSt
005 20230630130945.0
008 210423s9999 xx 000 0 und d
040 _cAL
041 _aeng
082 _a302.2 CONW
_223
100 _aCONDRILL (JO);BOUGH (Bennie).
_9119525
245 _a101 ways to improve your communication skills.
260 _bJaico Publishing House
_aNew Delhi
_c2003
365 _b60
_cINR
906 _a101 ; communication ; improve ; skills. ; ways ; your
942 _2ddc
_cBK
999 _c173771
_d173771